[Event "XXXVII Olimpiadi femminile"]
[Site "Torino ITA"]
[Date "2006.06.03"]
[Round "12.2"]
[White "Topel, Zehra"]
[Black "Zuriel, Marisa"]
[Result "1-0"]
[WhiteElo "2132"]
[BlackElo "2214"]
[Annotator "ARG-TUR"]
[PlyCount "129"]
[EventDate "2006.05.21"]

1. d4 Nf6 2. c4 g6 3. Nc3 Bg7 4. e4 d6 5. f3 O-O 6. Bg5 Nc6 7. Nge2 a6 8. Qd2
Rb8 9. a4 Qe8 10. d5 Ne5 11. Ng3 c6 12. Be2 b5 13. axb5 axb5 14. cxb5 cxb5 15.
O-O h5 16. b3 Nh7 17. Bh6 b4 18. Na4 Bd7 19. Bxg7 Kxg7 20. f4 Ng4 21. Qd4+ Kg8
22. Nb2 Qd8 23. Nc4 Nh6 24. Bd3 Bb5 25. Ne2 Bxc4 26. Bxc4 Qb6 27. Qxb6 Rxb6 28.
Ra7 Re8 29. Nd4 Kf8 30. e5 Ng4 31. Re1 dxe5 32. fxe5 Reb8 33. d6 R6b7 34. dxe7+
Kxe7 35. Ra5 Rc7 36. h3 Nh6 37. Ra6 Rbc8 38. Rb6 Nf8 39. Rxb4 Rd7 40. Bb5 Rdc7
41. Rc4 Ne6 42. Nxe6 Kxe6 43. Ba6 Rxc4 44. Bxc4+ Ke7 45. e6 f6 46. Ra1 Rc7 47.
Ra8 Nf5 48. Rg8 Ra7 49. Rxg6 Ra1+ 50. Kh2 h4 51. Rg4 Kd6 52. Re4 Rc1 53. e7
Nxe7 54. Re6+ Kd7 55. Rxf6 Re1 56. Rf4 Ng6 57. Rg4 Ne5 58. Rxh4 Ke7 59. Rf4 Ng6
60. Rf7+ Ke8 61. Rf6 Ne7 62. h4 Re4 63. g3 Re5 64. Kh3 Kd8 65. Kg4 1-0

[Event "XXXVII Olimpiadi femminile"]
[Site "Torino ITA"]
[Date "2006.06.03"]
[Round "12.2"]
[White "Castaneda, Ada"]
[Black "Maksimovic, Suzana"]
[Result "0-1"]
[WhiteElo "2017"]
[BlackElo "2295"]
[Annotator "SCG-ESA"]
[PlyCount "118"]
[EventDate "2006.05.21"]

1. e4 c5 2. Nf3 Nc6 3. d3 g6 4. g3 Bg7 5. Bg2 e5 6. O-O Nge7 7. c4 O-O 8. Nc3
d6 9. Rb1 h6 10. Ne1 f5 11. exf5 gxf5 12. f4 Be6 13. Nf3 Qd7 14. Qe2 Rae8 15.
a3 Ng6 16. fxe5 dxe5 17. Be3 b6 18. Qd2 f4 19. Bf2 Nd4 20. Be1 Nf5 21. Bf2 Rd8
22. Rbd1 Nd4 23. Bxd4 exd4 24. Ne4 Bg4 25. Rde1 Rf7 26. Rf2 Rdf8 27. Ref1 Kh8
28. b4 cxb4 29. axb4 Qc7 30. Qe1 Bxf3 31. Bxf3 Ne5 32. Qe2 fxg3 33. hxg3 a5 34.
bxa5 bxa5 35. Kg2 a4 36. Qc2 Rf5 37. Be2 Rxf2+ 38. Rxf2 Ra8 39. Rf1 a3 40. Ra1
Qb7 41. Ra2 Qb4 42. c5 Rc8 43. Qc1 Ra8 44. c6 Bf8 45. g4 Rc8 46. c7 Qe7 47. Rc2
Qf7 48. Ng3 Qd5+ 49. Ne4 Qe6 50. Nf2 Ng6 51. Rc6 Qf7 52. Rc2 Nf4+ 53. Kg1 Nd5
54. Qa1 Nc3 55. Nd1 Qb3 56. Qc1 Rxc7 57. Nxc3 dxc3 58. Qf4 Rf7 59. Qe5+ Bg7 0-1

[Event "XXXVII Olimpiadi femminile"]
[Site "Torino ITA"]
[Date "2006.06.03"]
[Round "12.3"]
[White "Benderac, Ana"]
[Black "Zepeda Cortez, Sonia Guadalupe"]
[Result "1-0"]
[WhiteElo "2293"]
[BlackElo "2036"]
[Annotator "SCG-ESA"]
[PlyCount "55"]
[EventDate "2006.05.21"]

1. d4 d5 2. Nf3 Nf6 3. Bg5 e6 4. e3 Be7 5. Nbd2 O-O 6. Bd3 Nbd7 7. O-O c5 8. c3
b6 9. Ne5 Nxe5 10. dxe5 Nd7 11. Bxe7 Qxe7 12. f4 f6 13. exf6 Nxf6 14. Nf3 Bb7
15. Ne5 a6 16. Qe1 Nd7 17. Qg3 Nxe5 18. fxe5 b5 19. Rf3 Bc6 20. Raf1 Bd7 21.
Qh3 g6 22. Rf6 Rxf6 23. exf6 Qf7 24. Qg3 Rc8 25. Qe5 Be8 26. h4 Rc6 27. h5 Rc7
28. hxg6 1-0

[Event "XXXVII Olimpiadi femminile"]
[Site "Torino ITA"]
[Date "2006.06.03"]
[Round "12.2"]
[White "Seps, Monika"]
[Black "Gilbert, Jessie"]
[Result "1-0"]
[WhiteElo "2247"]
[BlackElo "2144"]
[Annotator "ENG-SUI"]
[PlyCount "47"]
[EventDate "2006.05.21"]

1. e4 c5 2. Nf3 Nc6 3. d4 cxd4 4. Nxd4 g6 5. Nc3 Bg7 6. Nb3 Nf6 7. Be2 O-O 8.
O-O d6 9. Bg5 h6 10. Bh4 Bd7 11. Qd2 Rc8 12. Bxf6 Bxf6 13. Qxh6 Bxc3 14. bxc3
Ne5 15. f4 Qb6+ 16. Kh1 Bg4 17. Rae1 Bxe2 18. Rxe2 Ng4 19. Qg5 Nf6 20. f5 Nh7
21. Qh6 d5 22. Rf3 g5 23. f6 g4 24. Qg7# 1-0

[Event "XXXVII Olimpiadi femminile"]
[Site "Torino ITA"]
[Date "2006.06.03"]
[Round "12.3"]
[White "Tidman, Sophie E."]
[Black "Hund, Barbara"]
[Result "1/2-1/2"]
[WhiteElo "2086"]
[BlackElo "2261"]
[Annotator "ENG-SUI"]
[PlyCount "69"]
[EventDate "2006.05.21"]

1. e4 e5 2. Nf3 Nc6 3. Bc4 Bc5 4. c3 Nf6 5. d3 d6 6. Nbd2 a6 7. Bb3 O-O 8. h3
Be6 9. Nf1 d5 10. Ng5 h6 11. Nxe6 fxe6 12. Be3 Bxe3 13. Nxe3 dxe4 14. Bxe6+ Kh8
15. dxe4 Nxe4 16. O-O Qg5 17. Qg4 Qxg4 18. Nxg4 Nc5 19. Bd5 Ne7 20. Bc4 b5 21.
Bb3 e4 22. Rfe1 h5 23. Ne5 Rf5 24. Nf3 Raf8 25. Bc2 Rf4 26. b4 exf3 27. Rxe7
Na4 28. Re5 g6 29. g3 Rc4 30. Bxg6 Nxc3 31. Bd3 Rd4 32. Rxh5+ Kg7 33. Rg5+ Kf6
34. Rf5+ Kg7 35. Rg5+ 1/2-1/2

[Event "XXXVII Olimpiadi femminile"]
[Site "Torino ITA"]
[Date "2006.06.03"]
[Round "12.1"]
[White "Shabanaj, Eglantina"]
[Black "Calzetta Ruiz, Monica"]
[Result "0-1"]
[WhiteElo "2140"]
[BlackElo "2317"]
[Annotator "ALB-ESP"]
[PlyCount "56"]
[EventDate "2006.05.21"]

1. d4 Nf6 2. c4 c5 3. d5 b5 4. cxb5 a6 5. Nc3 axb5 6. e4 b4 7. Nb5 d6 8. Bf4 g5
9. Bxg5 Nxe4 10. Bf4 Nf6 11. Qe2 Ra6 12. Rd1 Bg7 13. a4 O-O 14. b3 Bb7 15. Qf3
Nxd5 16. Rxd5 e6 17. Qg3 exd5 18. Nxd6 Rxd6 19. Bxd6 Re8+ 20. Be2 Nc6 21. Nh3
Nd4 22. Bxc5 Nxe2 23. Qg4 Bc8 24. Qxe2 Rxe2+ 25. Kxe2 Ba6+ 26. Kd2 Qf6 27. Rc1
Qb2+ 28. Rc2 Bc3+ 0-1

[Event "XXXVII Olimpiadi femminile"]
[Site "Torino ITA"]
[Date "2006.06.03"]
[Round "12.2"]
[White "Llaneza Vega, Patricia"]
[Black "Pasku, Roela"]
[Result "1-0"]
[WhiteElo "2276"]
[BlackElo "1892"]
[Annotator "ALB-ESP"]
[PlyCount "121"]
[EventDate "2006.05.21"]

1. e4 c6 2. d4 d5 3. Nc3 dxe4 4. Nxe4 Bf5 5. Ng3 Bg6 6. N1e2 h6 7. Nf4 Bh7 8.
Be3 Nd7 9. Bd3 Bxd3 10. Nxd3 e6 11. O-O Ngf6 12. c4 Be7 13. Qb3 Qb6 14. Qc2 Ng4
15. c5 Nxe3 16. fxe3 Qc7 17. e4 O-O 18. e5 b6 19. b4 a5 20. a3 b5 21. Ne4 Nb8
22. Qe2 Qd8 23. Nd6 Na6 24. Qe4 Qd7 25. bxa5 Nc7 26. a4 Rxa5 27. axb5 Rxa1 28.
Rxa1 Nxb5 29. Nb4 Bxd6 30. cxd6 Rc8 31. Nd3 Nxd6 32. exd6 Qxd6 33. Qe5 Rd8 34.
Ra8 Qe7 35. Rxd8+ Qxd8 36. h3 Qb6 37. Qe4 Qb1+ 38. Kh2 Qc2 39. Qf3 Qb3 40. Ne5
Qxf3 41. gxf3 Kf8 42. Nxc6 Ke8 43. Kg3 f6 44. Kg4 g6 45. Kf4 Kd7 46. Nb4 Kd6
47. Ke4 h5 48. Nc2 g5 49. Ne3 Ke7 50. Nf5+ Kf7 51. Ng3 Kg6 52. d5 exd5+ 53.
Kxd5 h4 54. Ne2 f5 55. Ng1 Kf6 56. Kd6 g4 57. f4 Kg6 58. Ke6 g3 59. Nf3 Kh5 60.
Kxf5 g2 61. Ng1 1-0

[Event "XXXVII Olimpiadi femminile"]
[Site "Torino ITA"]
[Date "2006.06.03"]
[Round "12.3"]
[White "Shabanaj, Alda"]
[Black "Hernandez Estevez, Yudania"]
[Result "0-1"]
[WhiteElo "2037"]
[BlackElo "2262"]
[Annotator "ALB-ESP"]
[PlyCount "112"]
[EventDate "2006.05.21"]

1. d4 d5 2. c4 c6 3. cxd5 cxd5 4. Nf3 Nf6 5. Bf4 Nc6 6. Nc3 Ne4 7. e3 Nxc3 8.
bxc3 g6 9. Bd3 Bg7 10. O-O O-O 11. c4 dxc4 12. Bxc4 a6 13. Rc1 Bf5 14. Ng5 Qd7
15. Qb3 e5 16. dxe5 Nxe5 17. Bd5 h6 18. Nf3 Nxf3+ 19. Bxf3 Be6 20. Qb1 Qb5 21.
a3 g5 22. Bd6 Rfd8 23. Qxb5 axb5 24. Bb4 Bb2 25. Rcd1 Rdb8 26. Bd6 Rd8 27. Bb4
Rdb8 28. Bd6 Bc4 29. Bxb8 Rxb8 30. Rb1 Bxf1 31. Kxf1 Bxa3 32. Rxb5 b6 33. Rf5
Kg7 34. Bd5 Rf8 35. g3 Be7 36. e4 f6 37. h4 gxh4 38. gxh4 b5 39. Rf4 h5 40. Rf5
Kg6 41. Bb3 b4 42. Bd1 Rb8 43. Bb3 Rc8 44. Rf3 Bd6 45. Ke2 Be5 46. Rd3 Rc7 47.
Kd2 Bc3+ 48. Ke2 Re7 49. Kf3 Ra7 50. Be6 Be5 51. Ke2 Re7 52. Bd5 Ra7 53. Be6
Rb7 54. Bb3 Kh6 55. Kd2 Rg7 56. Ke2 Rg4 0-1

[Event "XXXVII Olimpiadi femminile"]
[Site "Torino ITA"]
[Date "2006.06.03"]
[Round "12.1"]
[White "Hagesaether, Ellen"]
[Black "Sukandar, Irine Kharisma"]
[Result "0-1"]
[WhiteElo "2226"]
[BlackElo "2213"]
[Annotator "NOR-INA"]
[PlyCount "76"]
[EventDate "2006.05.21"]

1. Nf3 Nf6 2. g3 d5 3. Bg2 g6 4. d3 Bg7 5. O-O O-O 6. Nbd2 c5 7. e4 Nc6 8. c3
dxe4 9. dxe4 Qc7 10. Qc2 b6 11. Re1 e5 12. b4 Nd8 13. a3 Bb7 14. Bb2 c4 15. b5
Ne6 16. Bf1 Nc5 17. Bxc4 Ncxe4 18. Nxe4 Qxc4 19. Nxe5 Bxe4 20. Nxc4 Bxc2 21. a4
Nd5 22. a5 Bd3 23. Ne5 Bxb5 24. Red1 Rad8 25. axb6 Bxe5 26. bxa7 Nb6 27. Ba3
Rfe8 28. Bc5 Na8 29. Rdc1 Rc8 30. Bb4 Bc4 31. Rd1 Bc7 32. Bc5 Bb6 33. Bd4 Re6
34. Rab1 Bxd4 35. Rxd4 Rb6 36. Rbd1 Ra6 37. Rd7 Kg7 38. Rb1 Rc7 0-1

[Event "XXXVII Olimpiadi femminile"]
[Site "Torino ITA"]
[Date "2006.06.03"]
[Round "12.1"]
[White "Koskoska, Gabriela"]
[Black "Ortiz, Nadya Karolina"]
[Result "1-0"]
[WhiteElo "2220"]
[BlackElo "2184"]
[Annotator "MKD-COL"]
[PlyCount "88"]
[EventDate "2006.05.21"]

1. e4 c5 2. Nf3 e6 3. d3 Nc6 4. g3 g6 5. Bg2 Bg7 6. O-O Nge7 7. c3 e5 8. a3 O-O
9. b4 d6 10. Nbd2 h6 11. Rb1 b6 12. Nb3 Be6 13. b5 Nb8 14. c4 Nd7 15. a4 a5 16.
Ne1 Ra7 17. Nc2 f5 18. Ne3 g5 19. Bh3 Rf6 20. Nd5 Bxd5 21. cxd5 Nf8 22. Nd2 h5
23. Nc4 g4 24. Bg2 f4 25. f3 Neg6 26. fxg4 hxg4 27. Qxg4 Raf7 28. Bd2 Bh6 29.
Bh3 Nd7 30. Qh5 Rh7 31. Bf5 Ndf8 32. Qe2 Rh8 33. Qg4 Rh7 34. Qe2 Rg7 35. Kh1
Bg5 36. Rg1 Ne7 37. gxf4 exf4 38. Rxg5 Rxg5 39. Bxf4 Rg7 40. Ne3 Nc8 41. Ng4
Rxf5 42. Nh6+ Kh8 43. Nxf5 Kh7 44. Rg1 Qf6 1-0

[Event "XXXVII Olimpiadi femminile"]
[Site "Torino ITA"]
[Date "2006.06.03"]
[Round "12.2"]
[White "Franco Valencia, Angela Maria"]
[Black "Kizova, Aleksandra"]
[Result "1-0"]
[WhiteElo "2076"]
[BlackElo "2011"]
[Annotator "MKD-COL"]
[PlyCount "61"]
[EventDate "2006.05.21"]

1. e4 e5 2. Nf3 Nc6 3. Bb5 a6 4. Ba4 Nf6 5. O-O Be7 6. Re1 d6 7. c3 O-O 8. h3
Re8 9. d3 h6 10. Nbd2 Bf8 11. Nf1 Bd7 12. g4 Nh7 13. Ng3 g6 14. Kh2 Ng5 15. Ng1
Ne6 16. Be3 Nf4 17. N1e2 Nxe2 18. Qxe2 Qh4 19. Rg1 h5 20. Nf5 Qf6 21. gxh5 Kh7
22. Bg5 Qh8 23. hxg6+ fxg6 24. Qg4 Be6 25. Be3 Qf6 26. Bg5 Qh8 27. Bd8 Bf7 28.
Qh4+ Kg8 29. Rxg6+ Bxg6 30. Bb3+ Bf7 31. Bxf7+ 1-0

[Event "XXXVII Olimpiadi femminile"]
[Site "Torino ITA"]
[Date "2006.06.03"]
[Round "12.3"]
[White "Jonoska, Katerina"]
[Black "Palao, Maricela"]
[Result "0-1"]
[WhiteElo "2051"]
[BlackElo "2152"]
[Annotator "MKD-COL"]
[PlyCount "68"]
[EventDate "2006.05.21"]

1. e4 c5 2. Nf3 e6 3. d4 b6 4. Nc3 Bb7 5. Be3 a6 6. dxc5 bxc5 7. Bc4 Nf6 8. Bg5
h6 9. Bxf6 Qxf6 10. O-O Nc6 11. Re1 d6 12. Qe2 Be7 13. e5 dxe5 14. Nxe5 Nd4 15.
Qd2 Rd8 16. Bd3 Bd6 17. f4 c4 18. Be4 Nf3+ 19. Nxf3 Bc5+ 20. Kh1 Rxd2 21. Nxd2
Bxe4 22. Ncxe4 Qxf4 23. Nxc4 O-O 24. b3 Ba7 25. Rad1 Bb8 26. Ned6 Rd8 27. Rf1
Qh4 28. Rd2 f5 29. h3 Kh7 30. Rfd1 Qf4 31. Rd4 Qf2 32. Ne4 Qxd4 33. Rxd4 Rxd4
34. Nc5 Rd1# 0-1

[Event "XXXVII Olimpiadi femminile"]
[Site "Torino ITA"]
[Date "2006.06.03"]
[Round "12.2"]
[White "Martinez, Natiska"]
[Black "Dymshits, Galina"]
[Result "0-1"]
[WhiteElo "2050"]
[BlackElo "2048"]
[Annotator "IPCA-PUR"]
[PlyCount "96"]
[EventDate "2006.05.21"]

1. e4 c5 2. Nc3 Nc6 3. f4 e6 4. Nf3 d5 5. d3 Nge7 6. g3 g6 7. Bg2 Bg7 8. O-O
O-O 9. Ne2 b5 10. c3 Rb8 11. Rb1 Qa5 12. a3 b4 13. axb4 cxb4 14. Bd2 Qb6+ 15.
Kh1 dxe4 16. dxe4 Rd8 17. Qc1 Ba6 18. Be3 Qb7 19. Rf2 Bxe2 20. Rxe2 bxc3 21. e5
Nd5 22. Nd4 Nxd4 23. Bxd4 cxb2 24. Rexb2 Qa8 25. Qc5 Rxb2 26. Rxb2 a6 27. Qa5
Qc8 28. Rb1 Bf8 29. Ra1 Nb4 30. Bb6 Rd2 31. Qa4 Rxg2 32. Kxg2 Qb7+ 33. Kh3 Qxb6
34. Rc1 Qb8 35. Rb1 h5 36. Qa5 Be7 37. Qa4 Kg7 38. Qa5 Qb5 39. Qxb5 axb5 40.
Kg2 f6 41. exf6+ Kxf6 42. Kf3 e5 43. fxe5+ Kxe5 44. Re1+ Kd6 45. Re4 Nc6 46.
Ke3 Bf6 47. g4 hxg4 48. Rxg4 g5 0-1

[Event "XXXVII Olimpiadi femminile"]
[Site "Torino ITA"]
[Date "2006.06.03"]
[Round "12.1"]
[White "Leite, Catarina"]
[Black "Sabirova, Olga"]
[Result "1/2-1/2"]
[WhiteElo "2218"]
[BlackElo "2212"]
[Annotator "POR-UZB"]
[PlyCount "225"]
[EventDate "2006.05.21"]

1. e4 e5 2. Nf3 Nc6 3. Bb5 Nf6 4. O-O d6 5. d4 Bd7 6. d5 Ne7 7. Bxd7+ Qxd7 8.
Qe2 Ng6 9. c4 Be7 10. Ne1 O-O 11. Nc3 h6 12. Nc2 Nh7 13. g3 Rae8 14. Ne3 Bg5
15. Nf5 Ne7 16. Bxg5 Nxg5 17. h4 Nh7 18. Qf3 Nxf5 19. exf5 g6 20. fxg6 fxg6 21.
Qe3 g5 22. Kg2 Qf5 23. Ne4 gxh4 24. gxh4 Re7 25. Ng3 Qf4 26. Qe4 Qxe4+ 27. Nxe4
Rf4 28. f3 Rxh4 29. Rh1 Rxh1 30. Rxh1 Kg7 31. b4 Rf7 32. c5 Nf6 33. Nc3 a6 34.
a4 Kg6 35. Rd1 Nh5 36. Ne4 Rd7 37. Kf2 Nf4 38. c6 bxc6 39. dxc6 Rd8 40. b5 axb5
41. axb5 d5 42. Nc5 d4 43. Na6 Nd5 44. Rb1 Rc8 45. Rb2 Kf5 46. Nc5 h5 47. Ne4
Rb8 48. Rb3 h4 49. Nc5 Rg8 50. Rb1 Nc3 51. Rh1 Rh8 52. b6 cxb6 53. Nd7 Nd5 54.
Re1 Re8 55. Re4 h3 56. Rh4 Rc8 57. Rh5+ Kg6 58. Rxh3 Nf4 59. Rh1 Kf5 60. Rh6 b5
61. Nb6 Rc7 62. Na8 Ra7 63. Rh8 Nd5 64. Rb8 b4 65. Nb6 Nxb6 66. Rxb6 Ra2+ 67.
Kg3 Rc2 68. Rxb4 Rxc6 69. Rb8 Rd6 70. Kf2 Ke6 71. Ke2 Ra6 72. Rf8 Ra2+ 73. Kd3
Ra3+ 74. Kd2 Re3 75. Kc2 Ke7 76. Rf5 Kd6 77. Rf8 Ra3 78. Kd2 Kd5 79. Rd8+ Ke6
80. Rf8 Ra2+ 81. Kd3 Rf2 82. Ke4 Re2+ 83. Kd3 Rh2 84. Ke4 Rh4+ 85. Kd3 Rh7 86.
Ke4 Rh4+ 87. Kd3 Rh2 88. Ke4 Re2+ 89. Kd3 Re3+ 90. Kd2 Rb3 91. Kc2 Rb7 92. Kd3
Rb3+ 93. Kd2 Ra3 94. Kc2 Rc3+ 95. Kd2 Kd5 96. Rd8+ Kc4 97. Rc8+ Kb3 98. Rb8+
Ka2 99. Rf8 Kb2 100. Rb8+ Rb3 101. Rf8 Rb5 102. Rf7 Rb8 103. Rf5 Re8 104. Kd3
Kc1 105. Rh5 Kb2 106. Rf5 Kb3 107. Rh5 Kb4 108. Rf5 Re6 109. Rh5 Kc5 110. f4
Kd5 111. Rxe5+ Rxe5 112. fxe5 Kxe5 113. Kd2 1/2-1/2

[Event "XXXVII Olimpiadi femminile"]
[Site "Torino ITA"]
[Date "2006.06.03"]
[Round "12.3"]
[White "Pintor, Ariana"]
[Black "Khamrakulova, Iroda"]
[Result "1/2-1/2"]
[WhiteElo "2064"]
[BlackElo "2200"]
[Annotator "POR-UZB"]
[PlyCount "117"]
[EventDate "2006.05.21"]

1. e4 c6 2. d4 d5 3. Nc3 dxe4 4. Nxe4 Nd7 5. Bd3 Ngf6 6. Ng5 h6 7. N5f3 e6 8.
Ne2 c5 9. O-O Be7 10. c3 O-O 11. Ng3 Qc7 12. Qe2 b6 13. Ne5 Bb7 14. Nh5 Rad8
15. Bf4 Qc8 16. Rfe1 Qa8 17. Nxd7 Rxd7 18. Be5 Nxh5 19. Qxh5 Bd6 20. Re3 Bxe5
21. dxe5 Rfd8 22. Bb5 Bc6 23. Be2 Be4 24. Rg3 Bg6 25. Qg4 Qe4 26. Qxe4 Bxe4 27.
Re3 Bg6 28. b4 cxb4 29. cxb4 Rc8 30. f3 Rc2 31. a4 Rb2 32. b5 Rdd2 33. Kf1 Rxe2
34. Rxe2 Bd3 35. Rae1 Ra2 36. Kf2 Bxe2 37. Rxe2 Rxa4 38. Rc2 Rb4 39. Rc8+ Kh7
40. Rc7 Kg6 41. Rxa7 Rxb5 42. Rb7 Rb2+ 43. Kg3 b5 44. h4 h5 45. Kf4 f6 46. exf6
Kxf6 47. g4 Rb4+ 48. Kg3 hxg4 49. fxg4 Rb3+ 50. Kf4 Rb1 51. g5+ Kg6 52. h5+
Kxh5 53. Rxg7 Rf1+ 54. Ke5 Rf5+ 55. Kxe6 Rxg5 56. Rxg5+ Kxg5 57. Kd5 b4 58. Kc4
b3 59. Kxb3 1/2-1/2

[Event "XXXVII Olimpiadi femminile"]
[Site "Torino ITA"]
[Date "2006.06.03"]
[Round "12.1"]
[White "Monterroso Ochoa, Karla Vanessa"]
[Black "Dengler, Dijana"]
[Result "0-1"]
[WhiteElo "1723"]
[BlackElo "2144"]
[Annotator "GUA-BIH"]
[PlyCount "68"]
[EventDate "2006.05.21"]

1. e4 e6 2. d4 d5 3. exd5 exd5 4. Bd3 Nc6 5. Ne2 Bd6 6. Nbc3 Nb4 7. Bb5+ c6 8.
Ba4 Ne7 9. a3 Na6 10. Bf4 Nc7 11. Qd2 O-O 12. Ng3 Bxf4 13. Qxf4 Ng6 14. Qd2 Ne6
15. Nce2 Nh4 16. O-O Ng5 17. Qd3 f5 18. Nf4 Qd6 19. Nge2 Bd7 20. c4 dxc4 21.
Qxc4+ Kh8 22. Bb3 Rf6 23. Rfd1 Rh6 24. d5 c5 25. Ng3 b5 26. Qc1 Ng6 27. Nxg6+
Rxg6 28. Bc2 Rf8 29. h4 Nf3+ 30. gxf3 Rxg3+ 31. fxg3 Qxg3+ 32. Kf1 Qxf3+ 33.
Kg1 Qg3+ 34. Kf1 f4 0-1

[Event "XXXVII Olimpiadi femminile"]
[Site "Torino ITA"]
[Date "2006.06.03"]
[Round "12.2"]
[White "Dedijer, Sanja"]
[Black "Mazariegos Kummenfeld, Silvia Carolina"]
[Result "1-0"]
[WhiteElo "2068"]
[BlackElo "2118"]
[Annotator "GUA-BIH"]
[PlyCount "89"]
[EventDate "2006.05.21"]

1. d4 Nf6 2. c4 e5 3. dxe5 Ng4 4. Bf4 g5 5. Bg3 Bg7 6. Nf3 Nc6 7. Nc3 Ngxe5 8.
Nxe5 Nxe5 9. e3 d6 10. Be2 Be6 11. Qb3 Qc8 12. Rd1 O-O 13. h4 g4 14. h5 f5 15.
h6 Bf6 16. e4 Qe8 17. exf5 Bxc4 18. Qxb7 Rb8 19. Qe4 Bxe2 20. Qxe2 Rxb2 21. Qe4
Nc4 22. O-O Qxe4 23. Nxe4 Be5 24. Rc1 Bxg3 25. Nxg3 d5 26. Rfd1 c6 27. Rd4 Ne5
28. Ra4 Rb7 29. Re1 Re7 30. Rxg4+ Kh8 31. Kf1 Rfe8 32. Rg7 Nf7 33. Rxe7 Rxe7
34. f6 Rb7 35. Nf5 c5 36. g4 d4 37. g5 d3 38. g6 hxg6 39. Nh4 Rb1+ 40. Kg2 Ne5
41. f7 Rb8 42. f4 g5 43. fxe5 gxh4 44. e6 Rb2+ 45. Kf3 1-0

[Event "XXXVII Olimpiadi femminile"]
[Site "Torino ITA"]
[Date "2006.06.03"]
[Round "12.3"]
[White "Castillo Melendez, Dina Lisette"]
[Black "Dedijer, Mira"]
[Result "1-0"]
[WhiteElo "2060"]
[BlackElo "1987"]
[Annotator "GUA-BIH"]
[PlyCount "83"]
[EventDate "2006.05.21"]

1. e4 e6 2. d4 d5 3. Nd2 Nf6 4. Bd3 c5 5. e5 Nfd7 6. c3 Nc6 7. Ne2 Qb6 8. Nf3
Be7 9. O-O cxd4 10. cxd4 Nf8 11. Ng3 Ng6 12. Nh5 Kf8 13. Bc2 Bd7 14. Rb1 Nb4
15. Ba4 Bxa4 16. Qxa4 Qc6 17. Qb3 Qd7 18. a3 Nc6 19. Qe3 Kg8 20. h3 h6 21. Nh2
Rc8 22. Ng4 Qd8 23. Kh1 Qb6 24. Rd1 Na5 25. b4 Nc4 26. Qd3 a6 27. g3 Qc6 28.
Rf1 Nb6 29. Qf3 Qc2 30. Be3 Nc4 31. Rbc1 Qa4 32. Rc3 a5 33. bxa5 Qxa5 34. Bc1
b5 35. Nf4 Nxf4 36. gxf4 Kh7 37. f5 Rhf8 38. f6 Bd8 39. fxg7 Rg8 40. Nf6+ Kxg7
41. Bxh6+ Kh8 42. Qh5 1-0

[Event "XXXVII Olimpiadi femminile"]
[Site "Torino ITA"]
[Date "2006.06.03"]
[Round "12.1"]
[White "Khoudgarian, Natalia"]
[Black "Methmali, Uluwitike Gamage Yashod"]
[Result "1-0"]
[WhiteElo "2123"]
[BlackElo "1872"]
[Annotator "CAN-SRI"]
[PlyCount "59"]
[EventDate "2006.05.21"]

1. e4 c5 2. Nf3 Nc6 3. c3 Nf6 4. e5 Nd5 5. d4 cxd4 6. cxd4 d6 7. Bc4 Nb6 8. Bb3
dxe5 9. dxe5 Qxd1+ 10. Bxd1 g6 11. O-O Bg7 12. Re1 O-O 13. Nc3 Nc4 14. Nd5 Rd8
15. Nc7 Rb8 16. e6 fxe6 17. Bb3 N6a5 18. Bf4 e5 19. Nxe5 Nxb3 20. axb3 Nxe5 21.
Bxe5 Bxe5 22. Rxe5 Bf5 23. Rxe7 Rd2 24. Rae1 Rbd8 25. Ne8 g5 26. Nf6+ Kh8 27.
g4 Bg6 28. Rxb7 Rf8 29. Ree7 Rd1+ 30. Kg2 1-0

[Event "XXXVII Olimpiadi femminile"]
[Site "Torino ITA"]
[Date "2006.06.03"]
[Round "12.2"]
[White "Wijayawardena, Dangampolage M.C."]
[Black "Starr, Nava"]
[Result "0-1"]
[WhiteElo "1872"]
[BlackElo "2169"]
[Annotator "CAN-SRI"]
[PlyCount "86"]
[EventDate "2006.05.21"]

1. d4 Nf6 2. c4 c5 3. d5 b5 4. cxb5 a6 5. Nc3 axb5 6. Nxb5 d6 7. Nc3 Ba6 8. e4
Bxf1 9. Kxf1 g6 10. f4 Nbd7 11. Nf3 Qc7 12. g3 Bg7 13. Kg2 O-O 14. Re1 Qb7 15.
e5 Ne8 16. e6 fxe6 17. Rxe6 Nb6 18. Re2 Nf6 19. Rd2 Nc4 20. Re2 Nb6 21. Rd2
Rae8 22. Kg1 e6 23. dxe6 d5 24. Ng5 h6 25. Nf7 Rxe6 26. Ne5 Rfe8 27. Qf3 Qc8
28. Rd1 d4 29. Nb5 Nfd5 30. Bd2 Rf8 31. Qg4 Kh7 32. Qe2 Qe8 33. Re1 Rf5 34. Qg2
Qxb5 35. Rab1 Bxe5 36. g4 Rf7 37. fxe5 Qc6 38. Qg3 Nc4 39. Bc1 Nce3 40. Bxe3
Nxe3 41. Rbc1 Rf3 42. Qh4 Rf1+ 43. Rxf1 Qg2# 0-1

[Event "XXXVII Olimpiadi femminile"]
[Site "Torino ITA"]
[Date "2006.06.03"]
[Round "12.3"]
[White "Khaziyeva, Dinara"]
[Black "Koswatte, Chandrika Thilini"]
[Result "1-0"]
[WhiteElo "2103"]
[BlackElo "1839"]
[Annotator "CAN-SRI"]
[PlyCount "135"]
[EventDate "2006.05.21"]

1. b3 e5 2. Bb2 Nc6 3. e3 Nf6 4. Ne2 d5 5. g3 Be6 6. Bg2 Bd6 7. d3 Ne7 8. Nd2
c6 9. h3 Ng6 10. O-O Nd7 11. e4 f5 12. f4 dxe4 13. dxe4 exf4 14. exf5 Bxf5 15.
g4 Be6 16. Ne4 Be5 17. Bxe5 Ndxe5 18. Nxf4 Nxf4 19. Rxf4 Nf7 20. Qxd8+ Rxd8 21.
Nc5 Bd5 22. Re1+ Kf8 23. Bxd5 Rxd5 24. Ne6+ Ke7 25. c4 Re5 26. Rxf7+ Kxe6 27.
Ref1 b5 28. cxb5 cxb5 29. Rxg7 a5 30. Ra7 b4 31. Ra6+ Ke7 32. Rf5 Re3 33. Rfxa5
Rxh3 34. Kg2 Rc3 35. Rb5 Rd8 36. Rb7+ Ke8 37. Re6+ Kf8 38. Rf6+ Kg8 39. Rxb4
Rd2+ 40. Rf2 Rxf2+ 41. Kxf2 Rc2+ 42. Ke3 Rxa2 43. Rb7 Rh2 44. b4 h5 45. gxh5
Rxh5 46. Kd4 Kf8 47. Kc4 Ke8 48. Rc7 Kd8 49. Rc6 Kd7 50. b5 Rh1 51. Kc5 Rc1+
52. Kb6 Rb1 53. Rc4 Kd8 54. Ka6 Ra1+ 55. Kb7 Rb1 56. Rd4+ Ke7 57. b6 Rb5 58.
Kc7 Rc5+ 59. Kb8 Rc3 60. b7 Ke6 61. Ka7 Ra3+ 62. Kb6 Rb3+ 63. Kc6 Rb2 64. Re4+
Kf5 65. Rc4 Ke5 66. Kc7 Kd5 67. Rc1 Rxb7+ 68. Kxb7 1-0

[Event "XXXVII Olimpiadi femminile"]
[Site "Torino ITA"]
[Date "2006.06.03"]
[Round "12.1"]
[White "Vovk, Oksana"]
[Black "Ibraheem, Delbak Ismael Ibraheem"]
[Result "1-0"]
[WhiteElo "2164"]
[BlackElo "1897"]
[Annotator "DEN-IRQ"]
[PlyCount "143"]
[EventDate "2006.05.21"]

1. d4 Nf6 2. Nf3 g6 3. c4 Bg7 4. Nc3 d6 5. Bg5 h6 6. Bh4 O-O 7. e3 Nbd7 8. Be2
c6 9. O-O e5 10. dxe5 dxe5 11. Qc2 Qe7 12. Rfd1 g5 13. Bg3 Nh5 14. Bd3 Nc5 15.
Bf5 a5 16. a3 Nxg3 17. hxg3 a4 18. Nd2 Bxf5 19. Qxf5 Qe6 20. Qxe6 Nxe6 21. g4
Nc5 22. Nde4 Nb3 23. Rab1 Rfd8 24. Rxd8+ Rxd8 25. Nxa4 Nd2 26. Nxd2 Rxd2 27.
Nc5 Rc2 28. Nxb7 Rxc4 29. Na5 Rc2 30. b3 Bf8 31. Nc4 f6 32. Kf1 Kg7 33. Ra1 Bc5
34. a4 Rc3 35. Rb1 Bb4 36. a5 Rc2 37. Ra1 Bc5 38. a6 Ba7 39. Ra4 Kf8 40. Nd6
Rd2 41. Nc8 Rd7 42. Ke2 Ke8 43. Kf3 Kd8 44. Nxa7 Rxa7 45. Ke4 Ke7 46. Kf5 Kf7
47. Rb4 Rxa6 48. Rb7+ Ke8 49. Kxf6 Ra2 50. Ke6 Kd8 51. Rf7 Rb2 52. Kxe5 Rxb3
53. Rf6 Rb4 54. Rxh6 Rxg4 55. Kd6 Ke8 56. g3 Rc4 57. Rg6 g4 58. Rf6 Rc1 59. Rf4
Rc2 60. e4 c5 61. Rxg4 Rxf2 62. Kxc5 Ke7 63. Kd5 Rd2+ 64. Ke5 Kf7 65. Rf4+ Kg6
66. Rf5 Rg2 67. Kf4 Rf2+ 68. Kg4 Re2 69. Kf3 Re1 70. Ra5 Rf1+ 71. Kg4 Re1 72.
e5 1-0

[Event "XXXVII Olimpiadi femminile"]
[Site "Torino ITA"]
[Date "2006.06.03"]
[Round "12.1"]
[White "Isgandarova, Khayala Ilqar Qizi"]
[Black "Arnetta, Maria Teresa"]
[Result "1-0"]
[WhiteElo "2104"]
[BlackElo "1992"]
[Annotator "AZE-ITA2"]
[PlyCount "83"]
[EventDate "2006.05.21"]

1. e4 e5 2. Nf3 Nc6 3. g3 Nf6 4. d3 d5 5. exd5 Nxd5 6. Bg2 Bc5 7. O-O O-O 8. c3
Bb6 9. Nbd2 Kh8 10. Nc4 Re8 11. Ng5 Be6 12. Nxb6 axb6 13. Qh5 Nf6 14. Nxf7+
Bxf7 15. Qxf7 Na5 16. Bg5 Re7 17. Bxf6 Rxf7 18. Bxd8 Rxd8 19. Be4 Nc6 20. Rae1
Nb8 21. Re3 c6 22. Bg2 Nd7 23. Rfe1 g6 24. Bh3 Nc5 25. Bf1 Rdf8 26. Rxe5 Rxf2
27. d4 Na4 28. R5e2 R2f7 29. Bg2 Kg7 30. d5 Nc5 31. dxc6 bxc6 32. Bxc6 Rf6 33.
Bb5 Kh6 34. Re8 R8f7 35. R8e7 Rf5 36. b4 Nb7 37. Rxf7 Rxf7 38. Re6 Nd8 39. Rxb6
Rf5 40. c4 Nf7 41. Bd7 Rf3 42. c5 1-0